Vykonateľné príručky analýzy údajov

Na minha lista:
Detalhes bibliográficos
Autor principal: Janeček, Jakub (Author)
Outros Autores: Ševcech, Jakub (Thesis advisor)
Formato: Manuscrito Livro
Idioma:eslovaco
Publicado em: 2017
Assuntos:
Acesso em linha:http://is.stuba.sk/zp/portal_zp.pl?podrobnosti=115517
Tags: Adicionar Tag
Sem tags, seja o primeiro a adicionar uma tag!

MARC

LEADER 00000ntm a22000003a 4500
001 stuzp64413
003 SK-STU
005 20170624213348.2
007 ta
008 150427s2015----xo-----f-mn---000-0-slo-d
040 |a STU  |b slo 
041 0 |a slo 
100 1 |a Janeček, Jakub  |u 070200  |4 aut  |U FIIT Fakulta informatiky a informačných technológií  |T FIIT Ústav informatiky, informačných systémov a softvérového inžinierstva  |X 73940  |U I200  |Y 179  |7 73940 
242 0 1 |a Executable documents on data analysis  |y eng 
245 1 0 |a Vykonateľné príručky analýzy údajov 
260 |c 2017 
650 4 |a klasifikácia  |2 slo 
650 4 |a vykonateľné príručky  |2 slo 
650 4 |a učenie súborom metód  |2 slo 
650 4 |a ensemble learning  |2 eng 
650 4 |a executable documents  |2 eng 
650 4 |a classification  |2 eng 
700 1 |a Ševcech, Jakub  |u 070200  |k Z2  |4 ths  |U FIIT Fakulta informatiky a informačných technológií  |T FIIT Ústav informatiky, informačných systémov a softvérového inžinierstva  |X 56312  |U I200  |Y 179  |7 56312 
856 4 |u http://is.stuba.sk/zp/portal_zp.pl?podrobnosti=115517 
996 |b 11270  |c I* BAP51/17  |l II680  |s P  |a 0  |w stuzp64413_0001